[Event "Kronborg Chess Open 2022 Master 2"]
[Site "Helsingor"]
[Date "2022.05.29"]
[Round "7"]
[White "Kakulidis, Ellen"]
[Black "Bergsson, Stefan"]
[Result "0-1"]
[WhiteElo "2083"]
[BlackElo "2090"]
[PlyCount "78"]
[EventDate "2022.05.26"]
[EventType "tourn"]
[EventRounds "7"]
[EventCountry "DEN"]

1. d4 Nf6 2. g3 c5 3. d5 b5 4. a4 b4 5. c4 g6 6. b3 Bg7 7. Bb2 O-O 8. Bg2 a5 9.
Nh3 Ra7 10. O-O d6 11. Nf4 e5 12. dxe6 fxe6 13. Nd2 Re7 14. Qc2 Qc7 15. Ne4 Nc6
16. Nxf6+ Bxf6 17. Bxf6 Rxf6 18. e3 Bb7 19. Nd3 Ref7 20. Rad1 Ne7 21. Bxb7 Qxb7
22. Nf4 Nf5 23. Qe2 Qe4 24. Qd3 Qa8 25. Ne2 e5 26. e4 Ng7 27. f4 Qf8 28. Rf3
Nh5 29. Rdf1 Qh6 30. fxe5 dxe5 31. Kg2 Kg7 32. Ng1 Qg5 33. Rxf6 Nxf6 34. Nf3
Qh5 35. Nh4 Qg4 36. Re1 Rd7 37. Qf3 Rd2+ 38. Kg1 Qh3 39. Re2 Rd1+ 0-1

[Event "Kronborg Chess Open 2022 Master 2"]
[Site "Helsingor"]
[Date "2022.05.29"]
[Round "7"]
[White "Sevastianov, Andrii"]
[Black "Koukas, Anastasios"]
[Result "1-0"]
[WhiteElo "2108"]
[BlackElo "2078"]
[PlyCount "97"]
[EventDate "2022.05.26"]
[EventType "tourn"]
[EventRounds "7"]
[EventCountry "DEN"]

1. c4 e5 2. g3 Nc6 3. Nc3 g6 4. Bg2 Bg7 5. e4 d6 6. Nge2 h5 7. h4 Nd4 8. Nxd4
exd4 9. Ne2 Ne7 10. d3 Nc6 11. Bg5 Bf6 12. Qd2 Bd7 13. b4 a6 14. Rc1 Rc8 15. a4
Ne5 16. b5 c5 17. bxc6 Nxc6 18. Bxf6 Qxf6 19. Rb1 Rb8 20. O-O O-O 21. f4 Bg4
22. Kh2 a5 23. Nc1 Nb4 24. Na2 Na6 25. f5 b6 26. fxg6 Qxg6 27. Nc1 Nc5 28. Nb3
Qg7 29. Nxc5 dxc5 30. Bh3 Bxh3 31. Kxh3 f5 32. exf5 Qg4+ 33. Kg2 Rxf5 34. Rxf5
Qxf5 35. Rf1 Qg6 36. Re1 Rf8 37. Re5 Kh7 38. Qe2 Rf5 39. Re7+ Rf7 40. Re6 Qf5
41. Re5 Qd7 42. Qxh5+ Kg8 43. Qg6+ Kf8 44. Qh6+ Rg7 45. Qxb6 Qg4 46. Qd8+ Kf7
47. Qe7+ Kg8 48. Qe8+ Kh7 49. Rh5+ 1-0

[Event "Kronborg Chess Open 2022 Master 2"]
[Site "Helsingor"]
[Date "2022.05.29"]
[Round "7"]
[White "Goh, Zi Han"]
[Black "Jorgensen, Dennis"]
[Result "0-1"]
[WhiteElo "2087"]
[BlackElo "2129"]
[PlyCount "86"]
[EventDate "2022.05.26"]
[EventType "tourn"]
[EventRounds "7"]
[EventCountry "DEN"]

1. e4 c6 2. Nf3 d5 3. d3 g6 4. Nc3 Bg7 5. g3 dxe4 6. Nxe4 Nf6 7. Qe2 O-O 8. Bg2
Na6 9. O-O Nc7 10. c3 Nxe4 11. dxe4 Bg4 12. h3 Bxf3 13. Qxf3 Ne6 14. Be3 Qa5
15. h4 Rfd8 16. h5 Qb5 17. Rfb1 Rd6 18. Bf1 Qe5 19. Bc4 Rad8 20. Kg2 b6 21. Rh1
Rf8 22. Rad1 Ng5 23. Bxg5 Qxg5 24. Rxd6 exd6 25. hxg6 hxg6 26. Rd1 Be5 27. Rd3
Qe7 28. Qe2 Bf6 29. Qg4 Kg7 30. Bb3 Re8 31. Re3 Rh8 32. f4 Rh5 33. Qe2 Qd7 34.
g4 Rh4 35. g5 Bd8 36. Qf3 Rg4+ 37. Kf1 Rh4 38. Re2 d5 39. Bc2 dxe4 40. Rxe4 Qd2
41. Bb3 Bc7 42. Re7 Qc1+ 43. Qd1 Rh1+ 0-1

[Event "Kronborg Chess Open 2022 Master 2"]
[Site "Helsingor"]
[Date "2022.05.29"]
[Round "7"]
[White "Andersen, Lars Rene"]
[Black "Meskenas, Paulius"]
[Result "0-1"]
[WhiteElo "2098"]
[BlackElo "2128"]
[PlyCount "138"]
[EventDate "2022.05.26"]
[EventType "tourn"]
[EventRounds "7"]
[EventCountry "DEN"]

1. f4 d5 2. Nf3 g6 3. e3 Bg7 4. d4 Nf6 5. Bd3 c5 6. c3 b6 7. Nbd2 Bb7 8. O-O
O-O 9. Qe1 Nbd7 10. Qh4 Ne4 11. Ne5 Nxe5 12. fxe5 Nxd2 13. Bxd2 f6 14. exf6
exf6 15. g4 Qd7 16. Rf3 Qf7 17. Raf1 Rae8 18. Be1 Bc8 19. g5 f5 20. Bg3 Re6 21.
Bf4 Rfe8 22. Qf2 Qd7 23. Qe2 Bb7 24. Qd1 a5 25. h4 b5 26. a3 c4 27. Bc2 Bc8 28.
Kg2 R6e7 29. h5 Qc6 30. Rh1 Kf8 31. Kf2 Be6 32. Rh4 Bg8 33. hxg6 hxg6 34. Rfh3
a4 35. Qh1 Rf7 36. Qh2 Ke7 37. Bd1 Kd7 38. Bf3 Qe6 39. Qh1 Kc6 40. Rh6 Bxh6 41.
gxh6 Bh7 42. Qg2 Rg8 43. Rg3 Rd7 44. Rg5 Qf6 45. Qg3 Qf8 46. Qg2 Qxh6 47. Rxf5
Qh4+ 48. Bg3 gxf5 49. Bxh4 Rxg2+ 50. Bxg2 Kd6 51. Bg3+ Ke6 52. Bf4 Bg6 53. Bf3
Rh7 54. Bg2 Bh5 55. Kg3 Bd1 56. Bh3 Bc2 57. Be5 Be4 58. Bf4 Kf6 59. Be5+ Ke6
60. Bf4 Rg7+ 61. Kf2 Rg8 62. Be5 Bd3 63. Bg2 Be4 64. Bf1 Rg5 65. Bh3 Kd7 66.
Bf1 Rh5 67. Bb8 Rh1 68. Bf4 Ke6 69. Bh3 b4 0-1